| 000 | 00000nam##2200000za#4500 |
| 001 | 9.616181 |
| 003 | CaOODSP |
| 005 | 20210615101448 |
| 007 | ta |
| 008 | 150406|2002||||xxc||||| f|0| 0 eng|d |
| 020 | |a0-662-33192-3 |
| 040 | |aCaOODSP|beng |
| 043 | |an-cn--- |
| 086 | 1 |aH113-9/2002-3E |
| 110 | 1 |aCanada. |bPest Management Regulatory Agency. |
| 245 | 10|aPymetrozine (TGAI), Endeavor 50WG, Fulfill 50WG |
| 260 | |aOttawa - Ontario : |bHealth Canada. |c2002. |
| 300 | |a86p. : |btables ; |c28 cm. |
| 490 | 1 |aProposed registration decision |vPRDD 2002-03 |
| 563 | |aSoftcover |
| 590 | |a03-03|b2003-01-17 |
| 690 | 07|aPesticides|2gcpds |
| 690 | 07|aRegulations|2gcpds |
| 775 | 08|tPymétrozine (MAQT), Endeavor 50WG, Fulfill 50WG |w(CaOODSP)9.626066 |
| 776 | 0#|tPymetrozine (TGAI), Endeavor 50WG, Fulfill 50WG |w(CaOODSP)9.558289 |
| 830 | #0|aProposed registration decision ;|vPRDD 2002-03|w(CaOODSP)9.514704 |